1426 1475 1724 1833 1458 1181 1801 1147 1873 1449 1613 1492 1235 1070 1645 1397 1888 1343 1512 1436 1829 1876 1164 1316 1415 1897 1662 1086 1230 1951 1571 1947 1220 1069 1466 1702 1123 1925 1602 1324 1005 1045 1610 1565 1289 1716 1863 1318 1952 1816 1893 1713 1095 1303 1879 1714 1849 1552 1891 1299 1632 1039 1677 1578 1746 1046 1911 1655 1397 1704 1586 1159 1177 1894 1827 1247 1207 1953 1646 1512 1924 1029 1318 1841 1642 1992 1963 1664 1861 1207 1751 1146 1742 1842 1631 1779 1913 1389 1492 BCNSPRNW ULIB Ver.6.0+V

เปลี่ยนเป็นภาษาไทย

Change to English
 แสดงรายละเอียดบรรณานุกรม
  กลับหน้าหลัก

Brief Record : Get Marc (ISO 2709) : E-mail record : QR code < ปิดหน้าต่าง
LEADER : 00000nam 2200000uu 4500
001    13399110610
003     ULIB
008    110606s2551||||th 000 0 tha d
020    9789741110049(ล.2)
060  4 QS4^bว491R ล.2 2551
110 1  ศิริราชพยาบาล^bคณะแพทย์ศาสตร์
245 00 Regional anatomy for medical student book 2 /^cวาสนา พลากรกุล และคณะ
250    พิมพ์ครั้งที่ 1
260    กรุงเทพฯ:^bบริษัท ศิริวัฒนาอินเตอร์พริ้น จำกัด,^c2551
300    552 หน้า:^bภาพประกอบ
650  0 กายวิภาคศาสตร์
700 0  วาสนา พลากรกุล,^eบรรณาธิการ
710 1  ศิริราชพยาบาล^bคณะแพทย์ศาสตร์
945    ^p890^l0^i15582
945    ^p890^l0^i15590
945    ^p890^l0^i15584
945    ^p890^l0^i15589
945    ^p890^l0^i15588
945    ^p890^l0^i15586
945    ^p890^l0^i15585
945    ^p890^l0^i15583
945    ^p890^l0^i15587
995    กัณชพร
999    ^aใช้งานได้ทุกระบบ
รายการนี้ยังไม่มีแท็ก
คุณยังไม่ได้ล็อกอิน คุณสามารถมีกิจกรรมร่วมกับเว็บไซต์ได้ แต่ต้องล็อกอินก่อน ::
  ล็อกอิน

รายการสื่อสารสนเทศ

ลำดับที่ ประเภท เลขเรียก/บาร์โค้ด สถานที่ สถานะ
1. วิทยาศาสตร์การแพทย์ และสุขภาพ
วิทยาศาสตร์การแพทย์ และสุขภาพ
QS4 ว491R ล.2 2551  
  Barcode: 15587
ห้องสมุดวิทยาเขตสวรรค์ประชารักษ์
►ส่วนจัดเก็บหนังสือเก่า สปร
บนชั้น
  ขอยืม
2. วิทยาศาสตร์การแพทย์ และสุขภาพ
วิทยาศาสตร์การแพทย์ และสุขภาพ
QS4 ว491R ล.2 2551 ฉ.2 
  Barcode: 15585
ห้องสมุดวิทยาเขตสวรรค์ประชารักษ์
►ส่วนจัดเก็บหนังสือเก่า สปร
บนชั้น
  ขอยืม
3. วิทยาศาสตร์การแพทย์ และสุขภาพ
วิทยาศาสตร์การแพทย์ และสุขภาพ
QS4 ว491R ล.2 2551 ฉ.3 
  Barcode: 15586
ห้องสมุดวิทยาเขตสวรรค์ประชารักษ์
►ส่วนจัดเก็บหนังสือเก่า สปร
บนชั้น
  ขอยืม
4. วิทยาศาสตร์การแพทย์ และสุขภาพ
วิทยาศาสตร์การแพทย์ และสุขภาพ
QS4 ว491R ล.2 2551 ฉ.4 
  Barcode: 15588
ห้องสมุดวิทยาเขตสวรรค์ประชารักษ์
►ส่วนจัดเก็บหนังสือเก่า สปร
บนชั้น
  ขอยืม
5. วิทยาศาสตร์การแพทย์ และสุขภาพ
วิทยาศาสตร์การแพทย์ และสุขภาพ
QS4 ว491R ล.2 2551 ฉ.5 
  Barcode: 15589
ห้องสมุดวิทยาเขตสวรรค์ประชารักษ์
►ส่วนจัดเก็บหนังสือเก่า สปร
บนชั้น
  ขอยืม
6. วิทยาศาสตร์การแพทย์ และสุขภาพ
วิทยาศาสตร์การแพทย์ และสุขภาพ
QS4 ว491R ล.2 2551 ฉ.6 
  Barcode: 15583
ห้องสมุดวิทยาเขตสวรรค์ประชารักษ์
►ส่วนจัดเก็บหนังสือเก่า สปร
บนชั้น
  ขอยืม
7. วิทยาศาสตร์การแพทย์ และสุขภาพ
วิทยาศาสตร์การแพทย์ และสุขภาพ
QS4 ว491R ล.2 2551 ฉ.7 
  Barcode: 15584
ห้องสมุดวิทยาเขตสวรรค์ประชารักษ์
►ส่วนจัดเก็บหนังสือเก่า สปร
บนชั้น
  ขอยืม
8. วิทยาศาสตร์การแพทย์ และสุขภาพ
วิทยาศาสตร์การแพทย์ และสุขภาพ
QS4 ว491R ล.2 2551 ฉ.8 
  Barcode: 15590
ห้องสมุดวิทยาเขตสวรรค์ประชารักษ์
►ส่วนจัดเก็บหนังสือเก่า สปร
บนชั้น
  ขอยืม
9. วิทยาศาสตร์การแพทย์ และสุขภาพ
วิทยาศาสตร์การแพทย์ และสุขภาพ
QS4 ว491R ล.2 2551 ฉ.9 
  Barcode: 15582
ห้องสมุดวิทยาเขตสวรรค์ประชารักษ์
►ส่วนจัดเก็บหนังสือเก่า สปร
บนชั้น
  ขอยืม

รายการใกล้เคียง
    หัวเรื่อง [กายวิภาคศาสตร์]

BibComment


ยังไม่เคยถูกคอมเมนท์

คอมเมนท์ทรัพยากรรายการนี้
  คอมเมนท์: Regional anatomy ..


 Copyright 2026. Bcnsprnw @Library